Tilastot visalle Finnairin lentokonemallit

Klikkaa tästä pelataksesi tätä visaa!

Yleistilastot

  • Tätä visaa on pelattu 90 kertaa
  • Keskiarvotulos 6 / 7

Vastaustilastot

Lentokonemalli% Oikein
Airbus A320
95%
Airbus A350
95%
Airbus A330
93%
Airbus A321
91%
Airbus A319
82%
Embraer ERJ-190
82%
ATR-72
79%

Tulosjakauma

Persentiili vastausten määrän mukaan

Jokaisen tuloksen saaneiden osuus

Tuloshistoriasi

Et ole pelannut tätä visaa